LDR 00957naa#a2200181#i#450# 001 RU\\bibl\120266 005 20260416190825.4 011 ## _a1819-4036 100 ## _a20210331b2021####ek#y0rusy0150####ca 102 ## _aRU 200 1# _aСОДЕРЖАНИЕ БЕЛКА И УРОВЕНЬ ПЛАСТИЧНОСТИ, СТАБИЛЬНОСТИ, ГОМЕОСТАТИЧНОСТИ КОЛЛЕКЦИОННЫХ ОБРАЗЦОВ РЖИ В УСЛОВИЯХ СЕВЕРО-ЗАПАДНОГО РЕГИОНА _eЖурнальная статья 210 1# _aКрасноярск _cКрасноярский государственный аграрный университет _d2021 215 ## _a6 с. 608 ## _aЖурнальная статья _2local 675 ## _aОбщие вопросы сельского хозяйства. 631 _z 700 #1 _aАниськов _gНиколай Иванович 700 #1 _aСафонова _gИрина Владимировна 856 4# _avestnik.kgau.ru _u